Problems of Flexibility of Working Hours in Germany and Austria

Moderná politika pracovného času znamená flexibilitu pracovného času a segmentáciu pracovných miest. Táto flexibilita znamená zmenu bežnej situácie a trvania pracovnej doby. Cieľom týchto zmien je prispôsobiť pracovnú dobu kolísaniu využívania kapacity. Vďaka flexibilnejšej pracovnej dobe sa objavuj...

Ausführliche Beschreibung

Gespeichert in:
Bibliographische Detailangaben
1. Verfasser: Wefersová, Jarmila
Format: Buchkapitel
Sprache:Englisch
Schlagworte:
Tags: Tag hinzufügen
Keine Tags, Fügen Sie das erste Tag hinzu!

MARC

LEADER 00000naa a2200000 4500
001 0250255
005 20220718121516.3
041 0 |a eng 
044 |a SK 
245 1 0 |a Problems of Flexibility of Working Hours in Germany and Austria  |c Jarmila Wefersová 
520 |a Moderná politika pracovného času znamená flexibilitu pracovného času a segmentáciu pracovných miest. Táto flexibilita znamená zmenu bežnej situácie a trvania pracovnej doby. Cieľom týchto zmien je prispôsobiť pracovnú dobu kolísaniu využívania kapacity. Vďaka flexibilnejšej pracovnej dobe sa objavujú rôzne modely pracovného času: denné alebo týždenné pracovné hodiny, posuvné pracovné hodiny, ročné pracovné hodiny, odpracované hodiny, zmluva o ročnom pracovnom čase, modely pracovného života, posunutie do dôchodku, modely práce na čiastočný úväzok, zdieľanie pracovných miest a hraničná zamestnanosť. Názory zamestnávateľov a zamestnancov na flexibilitu pracovného času, jeho prínosy a dôsledky sa v mnohých ohľadoch líšia. 
610 2 0 |a flexibilita 
610 2 0 |a čas pracovný pohyblivý 
610 2 0 |a Nemecko 
610 2 0 |a Rakúsko 
610 2 0 |a globalizácia 
100 1 |a Wefersová, Jarmila